Unicef annual report
| Autor Corporativo: | |
|---|---|
| Formato: | Libro |
| Publicado: |
New York, Estados Unidos :
UNICEF,
2000
|
| Materias: |
MARC
| LEADER | 00000nam a2200000Ia 4500 | ||
|---|---|---|---|
| 008 | 170519b2000 us ||||| |||| 00| | e d | ||
| 999 | |c 1231 |d 1231 | ||
| 090 | |a 01.03.02 |b 792 | ||
| 110 | 2 | |9 569 |a UNICEF | |
| 245 | 1 | 0 | |a Unicef annual report |
| 260 | |a New York, Estados Unidos : |b UNICEF, |c 2000 | ||
| 300 | |a 32 páginas | ||
| 610 | 2 | 4 | |9 569 |a UNICEF |
| 650 | 1 | 4 | |a INFORMES ANUALES |9 621 |
| 942 | |i 001670 |h 01.03.02 792 |2 z |c 01 | ||
